000 00297nam a22001337a 4500
008 170623b xxu||||| |||| 00| 0 eng d
020 _a9780195072990
041 _aeng
080 _a32
100 _a21
101 _aSHP
245 _aPACKAGING THE PRESIDENCY
_cJAMIESON.H.K
942 _2udc
_cBK
999 _c18910
_d18910